Manual del taller autogestionado

Lo que aquí llamaremos "talleres autogestionados" se conoce también con otros nombres: talleres laborales, talleres solidarios, microempresas asociativas, talleres productivos de subsistencia, etc. Con estos distintos nombres, lo que se hace es resaltar diferentes aspectos de un mismo tipo de organi...

Full description

Bibliographic Details
Main Author: Klenner Meixner, Arno
Other Authors: Razeto Migliaro, Luis
Format: Libro
Language:Spanish
Published: Santiago, Chile SUR 1989
Edition:2a.ed.
Series:Biblioteca del Fondo de pequeños proyectos de desarrollo
Subjects:

MARC

LEADER 00000cam a2200000 a 4500
001 019133
003 UAHC_CL
005 20220817141644.0
008 010822s1989 cl 000 1 spa
035 |a CENTRAL 
040 |a UAHC_CL  |c UAHC_CL  |d UAHC_CL 
082 0 4 |a 658.5   |b K63  |2 21 
100 |a Klenner Meixner, Arno  |9 14510 
245 1 0 |a Manual del taller autogestionado  |c Arno Klenner, Luis Razeto Migliaro. 
250 |a 2a.ed. 
260 |b SUR  |c 1989  |a Santiago, Chile 
300 |a 166 p. 
440 |9 3246  |a Biblioteca del Fondo de pequeños proyectos de desarrollo 
520 |a Lo que aquí llamaremos "talleres autogestionados" se conoce también con otros nombres: talleres laborales, talleres solidarios, microempresas asociativas, talleres productivos de subsistencia, etc. Con estos distintos nombres, lo que se hace es resaltar diferentes aspectos de un mismo tipo de organizaciones económicas, a saber: - el estar administradas por los trabajadores que las forman; - el mantener relaciones solidarias entre sus integrantes; - la asociación de personas y recursos en una pequeña empresa colectiva; - el ser unidades de trabajo para enfrentar el problema de la subsistencia. 
650 0 |a Desarrollo de la comunidad  |9 3248  |z Chile 
650 0 |a Organización de la comunidad  |9 3249  |z Chile 
700 |a Razeto Migliaro, Luis  |9 3247 
942 |c BK  |2 ddc 
952 |0 0  |1 0  |2 ddc  |4 0  |6 658_500000000000000_KLE  |7 0  |8 COMP  |9 38375  |a BC  |b BC  |c General  |d 2017-08-03  |l 0  |o 658.5 KLE  |p 1311521  |r 2026-01-13 00:00:00  |t c.1  |w 2017-08-03  |y BK  |B TSOC 
952 |0 0  |1 0  |2 ddc  |4 0  |6 658_500000000000000_KLE  |7 0  |8 COMP  |9 38376  |a BC  |b BC  |c General  |d 2017-08-03  |l 0  |o 658.5 KLE  |p 1311422  |r 2026-01-13 00:00:00  |t c.2  |w 2017-08-03  |y BK  |B TSOC 
952 |0 0  |1 0  |2 ddc  |4 0  |6 658_500000000000000_KLE  |7 0  |8 COMP  |9 38377  |a BC  |b BC  |c General  |d 2017-08-03  |l 0  |o 658.5 KLE  |p 1311522  |r 2026-01-13 00:00:00  |t c.3  |w 2017-08-03  |y BK  |B TSOC 
952 |0 0  |1 0  |2 ddc  |4 0  |6 658_500000000000000_KLE  |7 0  |8 COMP  |9 38378  |a BC  |b BC  |c General  |d 2017-08-03  |l 0  |o 658.5 KLE  |p 1311421  |r 2026-01-13 00:00:00  |t c.4  |w 2017-08-03  |y BK  |B TSOC 
952 |0 0  |1 0  |2 ddc  |4 0  |6 658_500000000000000_KLE  |7 0  |8 COMP  |9 38379  |a BC  |b BC  |c General  |d 2017-08-03  |l 0  |o 658.5 KLE  |p 1335712  |r 2026-01-13 00:00:00  |t c.5  |w 2017-08-03  |y BK  |B TSOC 
952 |0 0  |1 0  |2 ddc  |4 0  |6 658_500000000000000_KLE  |7 0  |8 COMP  |9 89974  |a BC  |b BC  |c General  |d 2018-05-08  |e Donación  |g 6000.00  |l 0  |o 658.5 KLE  |p 1442897  |r 2026-01-13 00:00:00  |t c.6  |v 6000.00  |w 2018-05-08  |y BK  |B TSOC 
999 |c 19133  |d 19133